00995cam a2200301 a 45000010009000000050017000090080041000260100017000670200018000840200015001020200025001170200018001420350024001600400047001840420008002310430012002390500021002510820014002721000020002862450074003062600038003803000040004185000051004585040051005096510026005607000023005868560084006091623873120170105102914.0100517s2010 nyuab b 001 0 eng  a 2010019656 a9780816082186 a0816082189 a9780816082193 (pbk.) a9780816063352 a(OCoLC)ocn460053430 aDLCcDLCdYDXdBTCTAdYDXCPdCDXdVP@dDLC apcc aa-af---00aDS356b.W34 201000a958.12221 aWahab, Shaista.12aA brief history of Afghanistan /cShaista Wahab and Barry Youngerman. aNew York :bFacts on File,cc2007 axii, 308 p. :bill., maps ;c24 cm. aPaperback binding has Checkmark Books imprint. aIncludes bibliographical references and index. 0aAfghanistanxHistory.1 aYoungerman, Barry.413Table of contents onlyuhttp://www.loc.gov/catdir/toc/fy11pdf04/2010019656.html